000 01085nam a22002297a 4500
003 SISC
005 20171108112131.0
008 171108b xxu||||| |||| 00| 0 eng d
020 _a9781921972317
050 _aCD QA 273
_b.Q7st 2014
100 _aQuinn, Catherine
245 _aMathematics for the international student mathematics HL option :
_bstatistics and probability /
_cCatherine Quinn
260 _aAustralia :
_bHaese and Harris Publications,
_c2013.
300 _a1 CD
500 _aAccompanying material for the book entitled "Mathematics for the international student mathematics HL option : statistics and probability" by Catherine Quinn (IB0189 & IB0190)
650 _2Library of Congress Subject Headings
_aMathematics
_xProblems, exercises, etc.
650 _2Library of Congress Subject Headings
_aMathematics
_xStudy and teaching (Secondary)
650 _2Library of Congress Subject Headings
_aInternational Baccalaureate
650 _2Library of Congress Subject Headings
_aStatistics and probability
942 _2lcc
_cAVM
999 _c344949
_d344949